Normal view
MARC view
- Kurtz, Max
Entry Personal Name
001 - CONTROL NUMBER
- control field: 103349
003 - CONTROL NUMBER IDENTIFIER
- control field: NUST
005 - DATE AND TIME OF LATEST TRANSACTION
- control field: 20221122131548.0
008 - FIXED-LENGTH DATA ELEMENTS
- fixed length control field: 221122|| aca||aabn | a|a d
040 ## - CATALOGING SOURCE
- Original cataloging agency: NUST
- Transcribing agency: NUST
100 ## - HEADING--PERSONAL NAME
- Personal name: Kurtz, Max
670 ## - SOURCE DATA FOUND
- Source citation: Work cat.: (NUST)181108: Kurtz, Max,, Handbook of applied mathematics for engineers and scientists / , c1991.
